| 000 | 00521cam a2200205ua 4500 | ||
|---|---|---|---|
| 020 |
_a981-3005-84-X _c480.00 |
||
| 041 |
_aeng _h |
||
| 082 |
_a006.6 _bLAR/MA |
||
| 100 | _aLarsen, Glenn H . | ||
| 245 |
_aMastering harward graphics 3 / _cGlenn H Larsen. _hTextual Documents |
||
| 250 |
_a1 / _b. |
||
| 260 |
_a : _bTech Publications , _c1991. |
||
| 300 | _a538 ; . | ||
| 365 | _a480.00 | ||
| 500 | _a17964 - CSS | ||
| 504 | _a | ||
| 700 | 1 | _aLarsen, Kristopher A . | |
| 942 | _cBK | ||
| 999 |
_c9587 _d9587 |
||